00237nam a2200073Ia 4500008004100000082000800041100001800049245009600067240331s9999 xx 000 0 und d bCON aGamage, S. ed 0aConflict and community incontemporary SriLanka :bPearl of the East or the "Land of Tears"?